[Event "3rd FIDE WCCC Rapid U12 2019"]
[Site "Minsk"]
[Date "2019.08.17"]
[Round "7.5"]
[White "Siniukovich, Ivan"]
[Black "Ponomarev, Vsevolod"]
[Result "1-0"]
[WhiteElo "1685"]
[BlackElo "1980"]
[Annotator "NA"]
[PlyCount "59"]
[EventDate "2019.08.16"]
[EventType "swiss"]
[EventCountry "BLR"]
[SourceTitle "playchess.com"]
[Source "ChessBase"]
[SourceQuality "1"]
[TimeControl "600+5"]

1. e4 {[%emt 0:00:00]} c5 {[%emt 0:00:00]} 2. Nf3 {[%emt 0:00:00]} d6 {[%emt 0:00:00]} 3. d4 {[%emt 0:00:00]} cxd4 {[%emt 0:00:00]} 4. Nxd4 {[%emt 0:00:00]} Nf6 {[%emt 0:00:03]} 5. Nc3 {[%emt 0:00:00]} a6 {[%emt 0:00:01]} 6. a4 {[%emt 0:00:22]} e6 {[%emt 0:00:05]} 7. Be3 {[%emt 0:00:03]} Be7 {[%emt 0:00:04]} 8. Be2 {[%emt 0:00:14]} Nc6 {[%emt 0:00:18]} 9. O-O {[%emt 0:00:05]} O-O {[%emt 0:00:02]} 10. f4 {[%emt 0:00:31]} Qc7 {[%emt 0:00:10]} 11. Qe1 {[%emt 0:01:13]} Na5 {[%emt 0:00:46]} 12. Rd1 {[%emt 0:01:21]} Nc4 {[%emt 0:00:24]} 13. Bxc4 {[%emt 0:00:03]} Qxc4 {[%emt 0:00:02]} 14. Qg3 {[%emt 0:01:14]} Kh8 {[%emt 0:00:49]} 15. e5 {[%emt 0:01:08]} dxe5 {[%emt 0:00:36]} 16. fxe5 {[%emt 0:00:01]} Ng8 {[%emt 0:00:38]} 17. Rf4 {[%emt 0:00:41]} Qc7 {[%emt 0:00:22]} 18. Rg4 {[%emt 0:00:44]} g6 {[%emt 0:00:01]} 19. Rf1 {[%emt 0:01:05]} Bd7 {[%emt 0:00:19]} 20. Ne4 {[%emt 0:00:42]} h5 {[%emt 0:01:26]} 21. Rg5 {[%emt 0:01:18]} Bxg5 {[%emt 0:00:47]} 22. Qxg5 {[%emt 0:00:02]} Qd8 {[%emt 0:02:23]} 23. Nf6 {[%emt 0:00:05]} Qe7 {[%emt 0:00:27]} 24. g4 {[%emt 0:00:17]} Rfd8 {[%emt 0:00:29]} 25. gxh5 {[%emt 0:00:15]} Qf8 {[%emt 0:00:48]} 26. hxg6 {[%emt 0:00:08]} Nxf6 {[%emt 0:00:21]} 27. Rxf6 {[%emt 0:00:27]} Qg7 {[%emt 0:00:30]} 28. Rxf7 {[%emt 0:00:06]} Qxg6 {[%emt 0:00:11]} 29. Qxg6 Rg8 30. Rh7# {[%emt 0:00:05]} 1-0

[Event "3rd FIDE WCCC Rapid U12 2019"]
[Site "Minsk"]
[Date "2019.08.17"]
[Round "7.6"]
[White "Shinkarov, Artem"]
[Black "Khubukshanov, Erdem"]
[Result "0-1"]
[WhiteElo "1798"]
[BlackElo "2257"]
[Annotator "ChessBase"]
[PlyCount "108"]
[EventDate "2019.08.16"]
[EventType "swiss"]
[EventCountry "BLR"]
[SourceTitle "playchess.com"]
[Source "ChessBase"]
[SourceQuality "1"]
[TimeControl "600+5"]

1. d4 {[%emt 0:00:00]} d5 {[%emt 0:00:00]} 2. c4 {[%emt 0:00:00]} e6 {[%emt 0:00:00]} 3. Nc3 {[%emt 0:00:00]} c6 {[%emt 0:00:00]} 4. e3 {[%emt 0:00:00]} Nf6 {[%emt 0:00:00]} 5. Nf3 {[%emt 0:00:00]} Nbd7 {[%emt 0:00:00]} 6. g3 {[%emt 0:00:08]} dxc4 {[%emt 0:00:11]} 7. Bxc4 {[%emt 0:00:01]} Be7 {[%emt 0:00:09]} 8. Bf1 {[%emt 0:00:02]} O-O {[%emt 0:00:13]} 9. Bg2 {[%emt 0:00:01]} b6 {[%emt 0:00:03]} 10. O-O {[%emt 0:00:13]} Bb7 {[%emt 0:00:01]} 11. Qe2 {[%emt 0:00:15]} c5 {[%emt 0:00:24]} 12. Rd1 {[%emt 0:00:10]} Qc7 {[%emt 0:00:08]} 13. e4 {[%emt 0:00:29]} cxd4 {[%emt 0:00:33]} 14. Nxd4 {[%emt 0:00:01]} a6 {[%emt 0:00:01]} 15. Be3 {[%emt 0:01:06]} Rad8 {[%emt 0:00:57]} 16. Rac1 {[%emt 0:00:16]} Qb8 {[%emt 0:00:01]} 17. Nb3 {[%emt 0:01:07]} Qa8 {[%emt 0:00:31]} 18. f3 {[%emt 0:00:11]} Rc8 {[%emt 0:00:37]} 19. Na4 {[%emt 0:00:48]} b5 {[%emt 0:00:03]} 20. Nac5 {[%emt 0:00:21]} Nxc5 {[%emt 0:00:57]} 21. Nxc5 {[%emt 0:00:06]} Bc6 {[%emt 0:00:09]} 22. Bh3 {[%emt 0:01:53]} Kh8 {[%emt 0:00:40]} 23. b4 {[%emt 0:00:45]} a5 {[%emt 0:00:10]} 24. bxa5 {[%emt 0:00:35]} Qxa5 {[%emt 0:00:17]} 25. Nb3 {[%emt 0:00:02]} Qa8 {[%emt 0:00:49]} 26. Nd4 {[%emt 0:00:19]} b4 {[%emt 0:01:00]} 27. Bf1 {[%emt 0:01:20]} Ba4 {[%emt 0:00:10]} 28. Nb3 {[%emt 0:00:18]} Nd7 {[%emt 0:01:50]} 29. Qf2 {[%emt 0:00:46]} Rfd8 {[%emt 0:01:13]} 30. Rxc8 {[%emt 0:01:06]} Qxc8 {[%emt 0:00:07]} 31. Rc1 {[%emt 0:00:03]} Qa8 {[%emt 0:00:02]} 32. Qc2 {[%emt 0:00:09]} Ne5 {[%emt 0:00:06]} 33. Be2 {[%emt 0:00:04]} h6 {[%emt 0:00:28]} 34. f4 {[%emt 0:00:01]} Nd7 {[%emt 0:00:01]} 35. Bf3 {[%emt 0:00:08]} e5 {[%emt 0:00:06]} 36. Bg2 {[%emt 0:00:07]} Qa6 {[%emt 0:00:29]} 37. Qc4 {[%emt 0:00:04]} Qxc4 {[%emt 0:00:14]} 38. Rxc4 {[%emt 0:00:01]} exf4 {[%emt 0:00:03]} 39. gxf4 {[%emt 0:00:03]} Nf6 {[%emt 0:00:06]} 40. Rc7 {[%emt 0:00:11]} Ng4 {[%emt 0:00:11]} 41. Rxe7 {[%emt 0:00:07]} Rd1+ {[%emt 0:00:01]} 42. Bf1 {[%emt 0:00:05]} Nxe3 {[%emt 0:00:01]} 43. Kf2 {[%emt 0:00:03]} Nxf1 {[%emt 0:00:05]} 44. Rxf7 {[%emt 0:00:02]} Nd2 {[%emt 0:00:08]} 45. Rf8+ {[%emt 0:00:08]} Kh7 {[%emt 0:00:01]} 46. Rb8 {[%emt 0:00:04]} Nxe4+ {[%emt 0:00:04]} 47. Ke3 {[%emt 0:00:02]} Re1+ {[%emt 0:00:06]} 48. Kf3 {[%emt 0:00:03]} Bc6 {[%emt 0:00:04]} 49. Nd4 {[%emt 0:00:11]} Bd5 {[%emt 0:00:01]} 50. Kg4 {[%emt 0:00:05]} Rg1+ {[%emt 0:00:03]} 51. Kf5 {[%emt 0:00:02]} Nf6 {[%emt 0:00:06]} 52. Rxb4 {[%emt 0:00:09]} Re1 {[%emt 0:00:05]} 53. a4 {[%emt 0:00:08]} Re7 {[%emt 0:00:06]} 54. Rb6 {[%emt 0:00:04]} Be4# {[%emt 0:00:02]} 0-1

[Event "3rd FIDE WCCC Rapid U12 2019"]
[Site "Minsk"]
[Date "2019.08.17"]
[Round "8.1"]
[White "Pidluznij, Gleb"]
[Black "Cherniaiev, Tykhon"]
[Result "1/2-1/2"]
[WhiteElo "1947"]
[BlackElo "2112"]
[Annotator "ChessBase"]
[PlyCount "64"]
[EventDate "2019.08.16"]
[EventType "swiss"]
[EventCountry "BLR"]
[SourceTitle "playchess.com"]
[Source "ChessBase"]
[SourceQuality "1"]
[TimeControl "600+5"]

1. d4 {[%emt 0:00:00]} d5 {[%emt 0:00:00]} 2. c4 {[%emt 0:00:00]} dxc4 {[%emt 0:00:00]} 3. e3 {[%emt 0:00:00]} Nf6 {[%emt 0:00:01]} 4. Bxc4 {[%emt 0:00:02]} e6 {[%emt 0:00:10]} 5. Nf3 {[%emt 0:00:13]} a6 {[%emt 0:00:03]} 6. a4 {[%emt 0:00:18]} b6 {[%emt 0:00:24]} 7. O-O {[%emt 0:00:06]} Bb7 {[%emt 0:00:03]} 8. Nc3 {[%emt 0:00:15]} Nbd7 {[%emt 0:00:05]} 9. Qe2 {[%emt 0:00:10]} c5 {[%emt 0:00:18]} 10. Rd1 {[%emt 0:00:21]} cxd4 {[%emt 0:00:11]} 11. exd4 {[%emt 0:00:52]} Bd6 {[%emt 0:01:15]} 12. Ng5 {[%emt 0:01:27]} Qe7 {[%emt 0:00:11]} 13. d5 {[%emt 0:01:20]} e5 {[%emt 0:00:31]} 14. Nge4 {[%emt 0:00:30]} Nxe4 {[%emt 0:00:39]} 15. Nxe4 {[%emt 0:00:20]} O-O {[%emt 0:00:09]} 16. Nxd6 {[%emt 0:00:09]} Qxd6 {[%emt 0:00:02]} 17. b3 {[%emt 0:00:06]} Rfe8 {[%emt 0:01:01]} 18. Ba3 {[%emt 0:00:20]} Qg6 {[%emt 0:00:27]} 19. Rac1 {[%emt 0:01:16]} Nf6 {[%emt 0:00:15]} 20. f3 {[%emt 0:00:37]} Nh5 {[%emt 0:00:57]} 21. Qe4 {[%emt 0:01:13]} f5 {[%emt 0:00:21]} 22. d6+ {[%emt 0:00:12]} Kh8 {[%emt 0:00:02]} 23. Qxb7 {[%emt 0:00:02]} Nf4 {[%emt 0:00:03]} 24. g3 {[%emt 0:00:46]} e4 {[%emt 0:00:14]} 25. Bf7 {[%emt 0:00:42]} Qg5 {[%emt 0:00:05]} 26. Bxe8 {[%emt 0:00:23]} Nh3+ {[%emt 0:00:24]} 27. Kh1 {[%emt 0:00:16]} Qe3 {[%emt 0:00:02]} 28. Rd2 {[%emt 0:00:13]} Qxf3+ {[%emt 0:00:47]} 29. Rg2 {[%emt 0:00:01]} Nf2+ {[%emt 0:00:01]} 30. Kg1 {[%emt 0:00:03]} Nh3+ {[%emt 0:00:01]} 31. Kh1 {[%emt 0:00:01]} Nf2+ {[%emt 0:00:01]} 32. Kg1 {[%emt 0:00:01]} Nh3+ {[%emt 0:00:02]} 1/2-1/2

[Event "3rd FIDE WCCC Rapid U12 2019"]
[Site "Minsk"]
[Date "2019.08.17"]
[Round "8.2"]
[White "Strybuk, Artsiom I"]
[Black "Chyndygyr, Tamerlan"]
[Result "1-0"]
[WhiteElo "2200"]
[BlackElo "1984"]
[Annotator "ChessBase"]
[PlyCount "139"]
[EventDate "2019.08.16"]
[EventType "swiss"]
[EventCountry "BLR"]
[SourceTitle "playchess.com"]
[Source "ChessBase"]
[SourceQuality "1"]
[TimeControl "600+5"]

1. d4 {[%emt 0:00:00]} Nf6 {[%emt 0:00:00]} 2. c4 {[%emt 0:00:00]} d6 {[%emt 0:00:00]} 3. Nf3 {[%emt 0:00:00]} Nbd7 {[%emt 0:00:00]} 4. Nc3 {[%emt 0:00:00]} e5 {[%emt 0:00:00]} 5. e4 {[%emt 0:00:01]} Be7 {[%emt 0:00:01]} 6. Be2 {[%emt 0:00:01]} O-O {[%emt 0:00:02]} 7. O-O {[%emt 0:00:02]} c6 {[%emt 0:00:01]} 8. Qc2 {[%emt 0:00:09]} a5 {[%emt 0:00:01]} 9. Rd1 {[%emt 0:00:07]} Qc7 {[%emt 0:00:02]} 10. h3 {[%emt 0:00:28]} Re8 {[%emt 0:00:06]} 11. Be3 {[%emt 0:00:15]} Bf8 {[%emt 0:00:04]} 12. Bf1 {[%emt 0:00:16]} exd4 {[%emt 0:00:03]} 13. Bxd4 {[%emt 0:00:06]} Ne5 {[%emt 0:00:01]} 14. Nxe5 {[%emt 0:00:39]} dxe5 {[%emt 0:00:01]} 15. Be3 {[%emt 0:00:01]} Be6 {[%emt 0:00:07]} 16. Na4 {[%emt 0:00:16]} Nd7 {[%emt 0:00:30]} 17. Rac1 {[%emt 0:00:46]} Rad8 {[%emt 0:00:41]} 18. Be2 {[%emt 0:00:39]} Qb8 {[%emt 0:00:56]} 19. c5 {[%emt 0:00:34]} h6 {[%emt 0:00:26]} 20. Bc4 {[%emt 0:00:16]} Bxc4 {[%emt 0:00:53]} 21. Qxc4 {[%emt 0:00:01]} Nf6 {[%emt 0:00:01]} 22. f3 {[%emt 0:00:51]} Be7 {[%emt 0:01:24]} 23. Qc3 {[%emt 0:01:03]} Rxd1+ {[%emt 0:00:17]} 24. Rxd1 {[%emt 0:00:01]} Rd8 {[%emt 0:00:01]} 25. Rd2 {[%emt 0:01:04]} Rxd2 {[%emt 0:01:01]} 26. Qxd2 {[%emt 0:00:33]} Qd8 {[%emt 0:00:23]} 27. Kf2 {[%emt 0:00:32]} Kf8 {[%emt 0:00:09]} 28. Ke2 {[%emt 0:00:29]} Ke8 {[%emt 0:01:09]} 29. Qxd8+ {[%emt 0:00:03]} Bxd8 {[%emt 0:00:03]} 30. Kd3 {[%emt 0:00:04]} Nh5 {[%emt 0:00:41]} 31. b3 {[%emt 0:01:19]} Bg5 {[%emt 0:00:22]} 32. g4 {[%emt 0:01:24]} Bxe3 {[%emt 0:00:07]} 33. gxh5 {[%emt 0:00:01]} Bd4 {[%emt 0:00:11]} 34. Nb6 {[%emt 0:00:08]} Bxc5 {[%emt 0:00:03]} 35. Nc4 {[%emt 0:00:00]} Kd7 {[%emt 0:02:10]} 36. Nxe5+ {[%emt 0:00:03]} Ke6 {[%emt 0:00:02]} 37. Nc4 {[%emt 0:00:04]} b6 {[%emt 0:00:03]} 38. a4 {[%emt 0:00:13]} g6 {[%emt 0:00:20]} 39. hxg6 {[%emt 0:00:05]} fxg6 {[%emt 0:00:00]} 40. f4 {[%emt 0:00:01]} h5 {[%emt 0:00:04]} 41. Ke2 {[%emt 0:00:22]} Bd4 {[%emt 0:00:08]} 42. Kf3 {[%emt 0:00:04]} Bc5 {[%emt 0:00:22]} 43. Ne5 {[%emt 0:00:04]} g5 {[%emt 0:00:07]} 44. Nxc6 {[%emt 0:00:09]} gxf4 {[%emt 0:00:02]} 45. Kxf4 {[%emt 0:00:02]} h4 {[%emt 0:00:07]} 46. Na7 {[%emt 0:00:16]} Bd6+ {[%emt 0:00:11]} 47. Kf3 {[%emt 0:00:07]} Bc5 {[%emt 0:00:02]} 48. Nb5 {[%emt 0:00:02]} Ke5 {[%emt 0:00:02]} 49. Nc7 {[%emt 0:00:12]} Bd6 {[%emt 0:00:03]} 50. Nd5 {[%emt 0:00:04]} Bc5 {[%emt 0:00:02]} 51. Nf4 {[%emt 0:00:04]} Kf6 {[%emt 0:00:25]} 52. Nd3 {[%emt 0:00:05]} Be7 {[%emt 0:00:06]} 53. Kg4 {[%emt 0:00:02]} Ke6 {[%emt 0:00:01]} 54. Kf4 {[%emt 0:00:07]} Bd6+ {[%emt 0:00:05]} 55. e5 {[%emt 0:00:01]} Be7 {[%emt 0:00:09]} 56. Ke4 {[%emt 0:00:01]} Bg5 {[%emt 0:00:02]} 57. Nf4+ {[%emt 0:00:02]} Kd7 {[%emt 0:00:05]} 58. Nd3 {[%emt 0:00:16]} Ke6 {[%emt 0:00:05]} 59. Ne1 {[%emt 0:00:04]} Bd8 {[%emt 0:00:08]} 60. Nf3 {[%emt 0:00:01]} Be7 {[%emt 0:00:06]} 61. Nd4+ {[%emt 0:00:02]} Kd7 {[%emt 0:00:00]} 62. Kd5 {[%emt 0:00:03]} Bc5 {[%emt 0:00:03]} 63. Nf5 {[%emt 0:00:05]} Bf2 {[%emt 0:00:01]} 64. e6+ {[%emt 0:00:02]} Ke8 {[%emt 0:00:03]} 65. Kc6 {[%emt 0:00:06]} Kd8 {[%emt 0:00:07]} 66. e7+ {[%emt 0:00:02]} Ke8 {[%emt 0:00:01]} 67. Kd6 {[%emt 0:00:00]} Bc5+ {[%emt 0:00:14]} 68. Ke6 {[%emt 0:00:03]} Bxe7 {[%emt 0:00:03]} 69. Nxe7 {[%emt 0:00:01]} Kd8 {[%emt 0:00:01]} 70. Nd5 {[%emt 0:00:01]} 1-0

[Event "3rd FIDE WCCC Rapid U12 2019"]
[Site "Minsk"]
[Date "2019.08.17"]
[Round "8.3"]
[White "Saveljev, Ivan"]
[Black "Gavrilov, Maxim"]
[Result "1-0"]
[WhiteElo "2040"]
[BlackElo "1808"]
[Annotator "NA"]
[PlyCount "55"]
[EventDate "2019.08.16"]
[EventType "swiss"]
[EventCountry "BLR"]
[SourceTitle "playchess.com"]
[Source "ChessBase"]
[SourceQuality "1"]
[TimeControl "600+5"]

1. e4 {[%emt 0:00:00]} c5 {[%emt 0:00:00]} 2. Nf3 {[%emt 0:00:00]} d6 {[%emt 0:00:00]} 3. Bb5+ {[%emt 0:00:00]} Nc6 {[%emt 0:00:00]} 4. O-O {[%emt 0:00:03]} Bd7 {[%emt 0:00:12]} 5. Re1 {[%emt 0:00:14]} g6 {[%emt 0:00:09]} 6. c3 {[%emt 0:00:02]} Bg7 {[%emt 0:00:05]} 7. d4 {[%emt 0:00:51]} cxd4 {[%emt 0:00:11]} 8. cxd4 {[%emt 0:00:01]} e6 {[%emt 0:00:37]} 9. Nc3 {[%emt 0:00:44]} Nge7 {[%emt 0:00:11]} 10. d5 {[%emt 0:01:27]} exd5 {[%emt 0:02:44]} 11. exd5 {[%emt 0:01:54]} Ne5 {[%emt 0:00:06]} 12. Bf4 {[%emt 0:00:26]} Bxb5 {[%emt 0:02:44]} 13. Nxb5 {[%emt 0:00:16]} O-O {[%emt 0:00:43]} 14. Nxe5 {[%emt 0:01:39]} dxe5 {[%emt 0:00:10]} 15. Bxe5 {[%emt 0:00:07]} Nxd5 {[%emt 0:02:03]} 16. Bd6 {[%emt 0:00:25]} Bxb2 {[%emt 0:01:12]} 17. Rb1 {[%emt 0:02:55]} Nc3 18. Nxc3 {[%emt 0:00:01]} Bxc3 {[%emt 0:00:07]} 19. Re3 {[%emt 0:00:01]} Rc8 {[%emt 0:00:13]} 20. Bxf8 {[%emt 0:00:03]} Qxf8 {[%emt 0:00:01]} 21. Rc1 {[%emt 0:00:07]} Bb2 {[%emt 0:00:06]} 22. Rxc8 {[%emt 0:00:03]} Qxc8 {[%emt 0:00:01]} 23. g3 {[%emt 0:00:07]} Kg7 {[%emt 0:00:05]} 24. Qb3 {[%emt 0:00:19]} Bf6 {[%emt 0:00:04]} 25. Qd5 {[%emt 0:00:07]} b6 {[%emt 0:00:11]} 26. Kg2 {[%emt 0:00:03]} Qc2 {[%emt 0:00:07]} 27. Rf3 {[%emt 0:00:10]} Qxa2 {[%emt 0:00:05]} 28. Qxa2 {[%emt 0:00:02]} 1-0

[Event "3rd FIDE WCCC Rapid U12 2019"]
[Site "Minsk"]
[Date "2019.08.17"]
[Round "8.4"]
[White "Khubukshanov, Erdem"]
[Black "Siniukovich, Ivan"]
[Result "1-0"]
[WhiteElo "2257"]
[BlackElo "1685"]
[Annotator "ChessBase"]
[PlyCount "99"]
[EventDate "2019.08.16"]
[EventType "swiss"]
[EventCountry "BLR"]
[SourceTitle "playchess.com"]
[Source "ChessBase"]
[SourceQuality "1"]
[TimeControl "600+5"]

1. e4 {[%emt 0:00:00]} e6 {[%emt 0:00:00]} 2. d4 {[%emt 0:00:00]} d5 {[%emt 0:00:00]} 3. Bd3 {[%emt 0:00:00]} dxe4 {[%emt 0:00:04]} 4. Bxe4 {[%emt 0:00:00]} Nf6 {[%emt 0:00:02]} 5. Bf3 {[%emt 0:00:01]} c6 {[%emt 0:00:12]} 6. Ne2 {[%emt 0:00:06]} Bd6 7. O-O {[%emt 0:00:03]} O-O {[%emt 0:00:03]} 8. Nbc3 {[%emt 0:00:01]} Nbd7 {[%emt 0:00:11]} 9. Re1 {[%emt 0:00:03]} e5 {[%emt 0:00:31]} 10. g3 {[%emt 0:00:06]} exd4 {[%emt 0:00:28]} 11. Nxd4 {[%emt 0:00:03]} Ne5 {[%emt 0:00:07]} 12. Bg2 {[%emt 0:00:13]} Bg4 {[%emt 0:00:40]} 13. Qd2 {[%emt 0:00:03]} Re8 {[%emt 0:00:32]} 14. h3 {[%emt 0:01:10]} Bh5 {[%emt 0:00:37]} 15. Nf5 {[%emt 0:00:31]} Bc5 {[%emt 0:00:41]} 16. g4 {[%emt 0:01:18]} Bg6 {[%emt 0:00:38]} 17. Qxd8 {[%emt 0:00:03]} Raxd8 {[%emt 0:00:06]} 18. Be3 {[%emt 0:00:01]} Bxf5 {[%emt 0:00:54]} 19. Bxc5 {[%emt 0:00:03]} Bxc2 {[%emt 0:00:14]} 20. Bxa7 {[%emt 0:00:13]} Nd3 {[%emt 0:02:20]} 21. Rxe8+ {[%emt 0:00:06]} Rxe8 {[%emt 0:00:01]} 22. b3 {[%emt 0:00:11]} Nf4 {[%emt 0:02:02]} 23. Bf1 {[%emt 0:01:16]} N6d5 {[%emt 0:00:32]} 24. Nxd5 {[%emt 0:00:13]} Nxd5 {[%emt 0:00:01]} 25. Bd4 {[%emt 0:00:40]} f6 {[%emt 0:00:23]} 26. Rc1 {[%emt 0:00:13]} Bg6 {[%emt 0:00:01]} 27. a4 {[%emt 0:00:43]} Kf7 {[%emt 0:00:27]} 28. Bc4 {[%emt 0:00:10]} Be4 {[%emt 0:00:15]} 29. a5 {[%emt 0:00:14]} Ra8 {[%emt 0:00:08]} 30. Re1 {[%emt 0:00:52]} Bg6 {[%emt 0:00:09]} 31. f4 {[%emt 0:00:11]} h5 {[%emt 0:00:08]} 32. f5 {[%emt 0:00:03]} Bh7 {[%emt 0:00:01]} 33. b4 {[%emt 0:00:31]} hxg4 34. hxg4 {[%emt 0:00:02]} g6 {[%emt 0:00:04]} 35. Re6 {[%emt 0:00:26]} Kg7 {[%emt 0:00:12]} 36. Bxd5 {[%emt 0:00:34]} cxd5 {[%emt 0:00:01]} 37. Re7+ {[%emt 0:00:00]} Kh6 {[%emt 0:00:01]} 38. Bxf6 {[%emt 0:00:06]} gxf5 {[%emt 0:00:03]} 39. g5+ {[%emt 0:00:01]} Kg6 {[%emt 0:00:06]} 40. Rg7+ {[%emt 0:00:01]} Kh5 {[%emt 0:00:01]} 41. Rxh7+ {[%emt 0:00:01]} Kg4 {[%emt 0:00:00]} 42. g6 {[%emt 0:00:03]} Kg3 {[%emt 0:00:07]} 43. Be5+ {[%emt 0:00:04]} Kf3 {[%emt 0:00:03]} 44. g7 {[%emt 0:00:03]} Re8 {[%emt 0:00:13]} 45. Rh8 {[%emt 0:00:06]} Rxe5 {[%emt 0:00:02]} 46. g8=Q {[%emt 0:00:04]} Re1+ {[%emt 0:00:02]} 47. Kh2 {[%emt 0:00:02]} Re2+ {[%emt 0:00:04]} 48. Kh3 {[%emt 0:00:02]} f4 {[%emt 0:00:06]} 49. Qxd5+ {[%emt 0:00:03]} Kf2 {[%emt 0:00:01]} 50. Kg4 {[%emt 0:00:09]} 1-0

[Event "3rd FIDE WCCC Rapid U12 2019"]
[Site "Minsk"]
[Date "2019.08.17"]
[Round "8.5"]
[White "Israfilov, Ali"]
[Black "Abdullayev, Ayat"]
[Result "1/2-1/2"]
[WhiteElo "1857"]
[BlackElo "1537"]
[Annotator "NA"]
[PlyCount "152"]
[EventDate "2019.08.16"]
[EventType "swiss"]
[EventCountry "BLR"]
[SourceTitle "playchess.com"]
[Source "ChessBase"]
[SourceQuality "1"]
[TimeControl "600+5"]

1. d4 {[%emt 0:00:00]} Nf6 {[%emt 0:00:00]} 2. c4 {[%emt 0:00:00]} g6 {[%emt 0:00:00]} 3. Nc3 {[%emt 0:00:00]} Bg7 {[%emt 0:00:00]} 4. e4 {[%emt 0:00:00]} d6 {[%emt 0:00:00]} 5. Nf3 {[%emt 0:00:01]} O-O {[%emt 0:00:03]} 6. Be2 {[%emt 0:00:01]} Na6 {[%emt 0:00:02]} 7. O-O {[%emt 0:00:03]} e5 {[%emt 0:00:01]} 8. Re1 {[%emt 0:00:17]} Bg4 {[%emt 0:00:11]} 9. d5 {[%emt 0:00:50]} Nc5 {[%emt 0:00:02]} 10. h3 {[%emt 0:00:02]} Bd7 {[%emt 0:00:07]} 11. Bf1 {[%emt 0:00:10]} a5 {[%emt 0:00:02]} 12. b3 {[%emt 0:00:06]} Ne8 {[%emt 0:00:13]} 13. Be3 {[%emt 0:00:11]} b6 {[%emt 0:00:09]} 14. a3 {[%emt 0:00:03]} f5 {[%emt 0:00:04]} 15. b4 {[%emt 0:00:24]} Nxe4 {[%emt 0:00:08]} 16. Nxe4 {[%emt 0:00:11]} fxe4 {[%emt 0:00:02]} 17. Nd2 {[%emt 0:00:26]} Nf6 {[%emt 0:00:11]} 18. Bg5 {[%emt 0:00:00]} axb4 {[%emt 0:00:54]} 19. axb4 {[%emt 0:00:02]} Rxa1 {[%emt 0:00:04]} 20. Qxa1 {[%emt 0:00:01]} Bf5 {[%emt 0:00:11]} 21. g4 {[%emt 0:00:44]} Bd7 {[%emt 0:00:30]} 22. Nxe4 {[%emt 0:00:02]} Qc8 {[%emt 0:01:31]} 23. Qd1 {[%emt 0:00:24]} Nxe4 {[%emt 0:00:17]} 24. Rxe4 {[%emt 0:00:01]} Qe8 {[%emt 0:00:10]} 25. Bg2 {[%emt 0:00:07]} Bf6 {[%emt 0:00:22]} 26. Bh6 {[%emt 0:00:18]} Bg7 {[%emt 0:00:01]} 27. Bg5 {[%emt 0:00:00]} Bf6 {[%emt 0:00:01]} 28. Be3 {[%emt 0:00:41]} Bf5 {[%emt 0:00:38]} 29. gxf5 {[%emt 0:00:28]} gxf5 {[%emt 0:00:02]} 30. Bh6 {[%emt 0:00:36]} fxe4 {[%emt 0:00:16]} 31. Qg4+ {[%emt 0:00:01]} Qg6 {[%emt 0:00:04]} 32. Qe6+ {[%emt 0:00:20]} Qf7 {[%emt 0:00:40]} 33. Bxf8 {[%emt 0:00:17]} Kxf8 {[%emt 0:00:19]} 34. Qc8+ {[%emt 0:00:23]} Kg7 {[%emt 0:00:13]} 35. Bxe4 {[%emt 0:00:03]} Bg5 {[%emt 0:00:32]} 36. Qg4 {[%emt 0:00:14]} Qf4 {[%emt 0:00:06]} 37. Qd7+ {[%emt 0:00:03]} Qf7 {[%emt 0:00:01]} 38. Qxf7+ {[%emt 0:00:04]} Kxf7 39. Bxh7 {[%emt 0:00:01]} Bd2 {[%emt 0:00:06]} 40. b5 {[%emt 0:00:00]} Kf6 {[%emt 0:00:06]} 41. Kg2 {[%emt 0:00:02]} Kg5 {[%emt 0:00:09]} 42. Kg3 {[%emt 0:00:08]} Bf4+ {[%emt 0:00:01]} 43. Kf3 {[%emt 0:00:00]} Kf6 {[%emt 0:00:07]} 44. Kg4 {[%emt 0:00:02]} Bh6 {[%emt 0:00:06]} 45. Be4 {[%emt 0:00:02]} Bf4 {[%emt 0:00:01]} 46. h4 {[%emt 0:00:01]} Bd2 {[%emt 0:00:08]} 47. Kh5 {[%emt 0:00:32]} Bf4 {[%emt 0:00:07]} 48. Kg4 {[%emt 0:00:32]} Bd2 {[%emt 0:00:01]} 49. Bf5 {[%emt 0:00:06]} Bf4 {[%emt 0:00:02]} 50. Be6 {[%emt 0:00:01]} Bd2 {[%emt 0:00:03]} 51. Kh5 {[%emt 0:00:38]} Bf4 {[%emt 0:00:01]} 52. Kg4 {[%emt 0:00:02]} Bd2 {[%emt 0:00:01]} 53. Kh5 {[%emt 0:00:00]} Bf4 {[%emt 0:00:01]} 54. Kg4 {[%emt 0:00:01]} Bd2 {[%emt 0:00:01]} 55. Kh5 {[%emt 0:00:02]} Bf4 {[%emt 0:00:01]} 56. f3 {[%emt 0:00:06]} Bd2 {[%emt 0:00:01]} 57. Kg4 {[%emt 0:00:48]} Bf4 {[%emt 0:00:01]} 58. Kh3 {[%emt 0:00:01]} Bd2 {[%emt 0:00:03]} 59. Kg2 {[%emt 0:00:02]} Bf4 {[%emt 0:00:22]} 60. Kf1 {[%emt 0:00:01]} Bg3 {[%emt 0:00:03]} 61. h5 Bf4 62. Ke2 {[%emt 0:00:04]} Bh6 {[%emt 0:00:03]} 63. Kd3 {[%emt 0:00:02]} Bf4 {[%emt 0:00:01]} 64. Ke4 {[%emt 0:00:59]} Bd2 {[%emt 0:00:03]} 65. Bg4 {[%emt 0:00:02]} Bh6 {[%emt 0:00:02]} 66. Bh3 {[%emt 0:00:03]} Bf4 {[%emt 0:00:02]} 67. Bf1 {[%emt 0:00:04]} Bh6 {[%emt 0:00:01]} 68. Bd3 {[%emt 0:00:01]} Bf4 {[%emt 0:00:01]} 69. Bc2 {[%emt 0:00:01]} Bh6 70. Ba4 Bf4 {[%emt 0:00:03]} 71. Kd3 {[%emt 0:00:04]} Bh6 {[%emt 0:00:01]} 72. Ke4 {[%emt 0:00:25]} Bd2 {[%emt 0:00:03]} 73. Bc2 {[%emt 0:00:06]} Bh6 {[%emt 0:00:05]} 74. Kd3 {[%emt 0:00:26]} Bf4 {[%emt 0:00:01]} 75. Kc3 {[%emt 0:00:01]} Bh6 {[%emt 0:00:05]} 76. Bg6 {[%emt 0:00:02]} Bf4 {[%emt 0:00:02]} 1/2-1/2